| 000 | 02220nam a2200289 a 4500 | ||
|---|---|---|---|
| 008 | 080212s1995 ||||||||||||||||| || u | ||
| 020 | _a0878932704 | ||
| 050 | _aQH 352Got | ||
| 100 | _aGotteli, Nicholas J | ||
| 245 | 1 | 2 |
_aA primer of ecology. _cNichols J. Gotelli |
| 260 |
_aSunderland _bSinauer Associates _c1995 |
||
| 300 | _axvii, 206p.: ill. | ||
| 350 | _a0.00 | ||
| 650 | _aPopulation biology--Mathematical models | ||
| 650 | _aECOLOGY | ||
| 650 | 0 | _aECOLOGY--MATHEMATICAL MODELS | |
| 995 |
_aKAPASA MAKASA LIBRARY OPEN ACCESS _D0.00 _e738430 _FCBU-KAPASA MAKASA LIBRARY (Chinsali) _H1 _I0.00 _jQH 352 GOT _M4 _UAVAILABLE _WFeb 12, 2008 _y738430 _ZKapasa Makasa Library Open Acess Collection |
||
| 995 |
_aTEXTBOOKS (SNR) _D0.00 _e4052 _FCBU-SCHOOL TEXTBOOK COLLECTIONS _H1 _I0.00 _jSCHOOL TEXTBOOK _M10 _UAVAILABLE _WJul 27, 2009 _y4052 _ZSchool Collections |
||
| 995 |
_aANNEX COLLECTION (Main Library) _D0.00 _e738428 _FCBU-MAIN LIBRARY (Kitwe) _H1 _I0.00 _jQH 352 GOT _M2 _UAVAILABLE _WFeb 12, 2008 _y738428 _ZAnnex Low-Usage Collection |
||
| 995 |
_aANNEX COLLECTION (Main Library) _D0.00 _e738429 _FCBU-MAIN LIBRARY (Kitwe) _H1 _I0.00 _jQH 352 GOT _M3 _UAVAILABLE _WFeb 12, 2008 _y738429 _ZAnnex Low-Usage Collection |
||
| 995 |
_aTEXTBOOKS (SNR) _D0.00 _e4049 _FCBU-SCHOOL TEXTBOOK COLLECTIONS _H1 _I0.00 _jSCHOOL TEXTBOOK _M7 _UAVAILABLE _WJul 27, 2009 _y4049 _ZSchool Collections |
||
| 995 |
_aANNEX COLLECTION (Main Library) _D0.00 _e738431 _FCBU-MAIN LIBRARY (Kitwe) _H1 _I0.00 _jQH 352 GOT _M5 _UAVAILABLE _WFeb 12, 2008 _y738431 _ZAnnex Low-Usage Collection |
||
| 995 |
_aTEXTBOOKS (SNR) _D0.00 _e4048 _FCBU-SCHOOL TEXTBOOK COLLECTIONS _H1 _I0.00 _jSCHOOL TEXTBOOK _M6 _UAVAILABLE _WJul 27, 2009 _y4048 _ZMain Library Open Access Collection |
||
| 995 |
_aTEXTBOOKS (SNR) _D0.00 _e4051 _FCBU-SCHOOL TEXTBOOK COLLECTIONS _H1 _I0.00 _jSCHOOL TEXTBOOK _M9 _UAVAILABLE _WJul 27, 2009 _y4051 _ZSchool Collections |
||
| 995 |
_aKAPASA MAKASA LIBRARY OPEN ACCESS _D0.00 _e738427 _FCBU-KAPASA MAKASA LIBRARY (Chinsali) _H1 _I0.00 _jQH 352 GOT _M1 _UAVAILABLE _WFeb 12, 2008 _y738427 _ZKapasa Makasa Library Open Acess Collection |
||
| 995 |
_aTEXTBOOKS (SNR) _D0.00 _e4050 _FCBU-SCHOOL TEXTBOOK COLLECTIONS _H1 _I0.00 _jSCHOOL TEXTBOOK _M8 _UAVAILABLE _WJul 27, 2009 _y4050 _ZSchool Collections |
||
| 999 |
_c77273 _d77273 |
||